Statistics for 杭州地铁站(三期以内)Hangzhou Metro Stations

Click here to take the quiz!

General Stats

  • This quiz has been taken 427 times
    (385 since last reset)
  • The average score is 73 of 310

Answer Stats

线路站名% Correct
1 | 2凤起路
76%
1 | 7 | 19萧山国际机场
75%
6 | 19火车东站(东广场)
74%
1 | 4火车东站
74%
1龙翔桥
74%
1 | 3 | 19西湖文化广场
67%
5浙大紫金港
65%
2 | 5三坝
65%
1 | 5城站
65%
1 | 3武林广场
65%
2虾龙圩
64%
2 | 3武林门
62%
1湘湖
61%
1 | 5打铁关
61%
2良渚
59%
3 | 10黄龙体育中心
57%
3 | 19火车西站
53%
2 | 10学院路
53%
1九堡
48%
2三墩
48%
10 | 19文三路
46%
5姑娘桥
46%
2 | 19沈塘桥
45%
1定安路
45%
2古翠路
44%
5蒋村
44%
1七堡
44%
5金星
43%
2 | 5建国北路
43%
3古荡
43%
2 | 6钱江世纪城
40%
3黄龙洞
40%
2 | 4 | 9钱江路
40%
5火车南站
39%
4 | 7市民中心
39%
1下沙江滨
38%
1闸弄口
38%
2下宁桥
38%
1 | 9客运中心
36%
5杭氧
36%
2朝阳
36%
2文新
36%
6 | 7奥体中心
36%
19西溪湿地北
36%
9临平
35%
5杭师大仓前
35%
4近江
34%
2丰潭路
34%
1
近江
34%
7吴山广场
33%
6 | 9三堡
33%
3石马
32%
2 | 5人民广场
32%
1 | 4彭埠
31%
3古墩路
30%
3吴山前村
30%
2庆春广场
30%
5大运河
30%
5 | 10和睦
30%
2中河北路
30%
4 | 6中医药大学
29%
9五堡
29%
3西溪湿地南
29%
5拱宸桥东
27%
3星桥
27%
5萍水街
26%
16青山湖
26%
3古荡新村
26%
1金沙湖
26%
1 | 5滨康路
26%
5五常
26%
2 | 7建设三路
25%
3 | 5 | 16绿汀路
25%
3留下
25%
3香积寺
24%
3 | 5善贤
24%
1 | 6江陵路
24%
2杜甫村
24%
9六堡
24%
5 | 7江城路
23%
3小和山
23%
1婺江路
23%
9 | 19御道
22%
4 | 5南星桥
22%
5 | 19创景路
22%
6美院象山
22%
4浦沿
22%
2 | 4金家渡
22%
5宝善桥
22%
2庆菱路
22%
9乔司
22%
9临平南高铁站
22%
3大关
21%
5 | 6长河
21%
1 | 8文海南路
21%
6枸桔弄
21%
4景芳
21%
10北大桥
21%
2建设一路
20%
6亚运村
20%
3文一西路
20%
4池华街
19%
5万安桥
19%
1下沙西
19%
7 | 19永盛路
19%
3 | 4新天地街
19%
4新风
19%
1
西兴
19%
6桂花西路
18%
5东新园
18%
9乔司南
18%
1九和路
17%
19海创园
17%
1文泽路
17%
6博览中心
17%
19五联
17%
3花坞
17%
5良睦路
17%
19(2023暂缓)苕溪
17%
7莫邪塘
17%
2杭发厂
17%
3潮王路
17%
4新塘
16%
1云水
16%
1滨和路
16%
10翠柏路
16%
5西文街
15%
4 | 10杭行路
15%
4水澄桥
15%
5候潮门
15%
10逸盛路
15%
1杭州大会展中心
14%
19耕文路
14%
4江锦路
14%
6江汉路
14%
6受降
14%
7 | 9观音塘
14%
3屏峰
14%
16青山湖科技城
14%
2飞虹路
14%
19驿城路
14%
8工商大学云滨
13%
5金鸡路
13%
9翁梅
13%
19知行路
13%
3丁桥
13%
5永福
13%
16临安广场
12%
6音乐学院
12%
2人民路
12%
9龙安
12%
6伟业路
12%
6诚业路
12%
6建业路
12%
4城星路
12%
6丰北
12%
2盈丰路
12%
2潘水
12%
16农林大学
12%
2墩祥街
12%
7江东二路
12%
1高沙路
12%
5聚才路
12%
5博奥路
12%
2白洋
12%
3洪园
12%
10花园岗
12%
2振宁路
11%
9江河汇
11%
3东岳
11%
4甬江路
11%
16九州街
11%
4复兴路
11%
6双浦
11%
1南阳
11%
16南湖
11%
6之江文化中心
11%
19平澜路
11%
4好运街
11%
9南苑
10%
6星民
10%
6枫桦西路
10%
5双桥
10%
5通惠中路
10%
5育才北路
10%
19(2023暂缓)荆长路
10%
5(2023暂缓)南湖东
10%
2曹家桥
9%
16八百里
9%
9红普南路
9%
9新业路
9%
7 | 8青六中路
9%
1向阳路
9%
5葛巷
9%
3桃花湖公园
9%
6野生动物园东
9%
6阳陂湖
9%
4(2023暂缓)独城生态公园
9%
5江晖路
9%
4笕桥老街
9%
6昙花庵路
9%
4黎明
9%
4联庄
9%
6富阳客运中心
8%
3高教路
8%
4杨家墩
8%
9邱山大街
8%
6银湖
8%
16凤新路
8%
10渡驾桥
8%
8新湾路
8%
16中泰
8%
6西浦路
8%
4皋亭坝
8%
4平安桥
8%
3汽轮广场
8%
3(2023暂缓)创明路
8%
3同协路
8%
7义蓬
8%
7坎山
8%
7新街
8%
16禹航路
7%
7新港
7%
4明石路
7%
6元宝塘
7%
9荷禹路
7%
4华中南路
7%
4桃源街
7%
7兴议
7%
3全丰
7%
8桥头堡
7%
3联胜路
7%
9九睦路
7%
4吴家角港
7%
7明星路
7%
6公望街
7%
3黄鹤山
7%
1港城大道
6%
16南峰
6%
4储运路
6%
3华鹤街
6%
10祥园路
6%
10金德路
6%
3龙舟北路
6%
6科海路
6%
3(2023暂缓)汤家村
6%
9五洲路
6%
3华丰路
6%
8青西三路
5%
6高桥
5%
7新兴路
5%
7新汉路
5%
8河庄路
5%
7合欢路
5%
6霞鸣街
5%
7新镇路
5%
7盈中
5%
6虎啸杏
5%
6中村
5%
7塘新线
5%
7启成路
4%
8仓北村
4%
8冯娄村
4%

Score Distribution

Percentile by Number Answered

Percent of People with Each Score

Your Score History

You have not taken this quiz since the last reset